Data analysis in community and landscape ecology (Record no. 5968)

MARC details
000 -LEADER
fixed length control field 00679nam a22002417a 4500
003 - CONTROL NUMBER IDENTIFIER
control field OSt
005 - DATE AND TIME OF LATEST TRANSACTION
control field 20220621160609.0
008 - FIXED-LENGTH DATA ELEMENTS--GENERAL INFORMATION
fixed length control field 180207b xxu||||| |||| 00| 0 eng d
020 ## - INTERNATIONAL STANDARD BOOK NUMBER
International Standard Book Number 9780521475747
040 ## - CATALOGING SOURCE
Transcribing agency IIITMK
050 ## - LIBRARY OF CONGRESS CALL NUMBER
Classification number 577.0285 JON/D
100 ## - MAIN ENTRY--PERSONAL NAME
Personal name Jongman, R H G
9 (RLIN) 13622
245 ## - TITLE STATEMENT
Title Data analysis in community and landscape ecology
260 ## - PUBLICATION, DISTRIBUTION, ETC.
Place of publication, distribution, etc. New york,
Name of publisher, distributor, etc. Cambrige university press,
Date of publication, distribution, etc. 1995.
300 ## - PHYSICAL DESCRIPTION
Extent xxi,299p
650 ## - SUBJECT ADDED ENTRY--TOPICAL TERM
Topical term or geographic name entry element COMPUTER SCIENCE
9 (RLIN) 13623
650 ## - SUBJECT ADDED ENTRY--TOPICAL TERM
Topical term or geographic name entry element DATA ANALYSIS
9 (RLIN) 13624
650 ## - SUBJECT ADDED ENTRY--TOPICAL TERM
Topical term or geographic name entry element ECOLOGY
9 (RLIN) 13625
650 ## - SUBJECT ADDED ENTRY--TOPICAL TERM
Topical term or geographic name entry element CLUSTER ANALYSIS
9 (RLIN) 13626
700 ## - ADDED ENTRY--PERSONAL NAME
Personal name Braak, Ter C J F
9 (RLIN) 13627
700 ## - ADDED ENTRY--PERSONAL NAME
Personal name Tongeren, Van O F R
9 (RLIN) 13628
942 ## - ADDED ENTRY ELEMENTS (KOHA)
Source of classification or shelving scheme Dewey Decimal Classification
Koha item type Books
Holdings
Withdrawn status Lost status Source of classification or shelving scheme Damaged status Not for loan Collection code Home library Current library Shelving location Date acquired Cost, normal purchase price Total Checkouts Full call number Barcode Date last seen Price effective from Koha item type
    Dewey Decimal Classification     Non Fiction Kerala University of Digital Sciences, Innovation and Technology Knowledge Centre Kerala University of Digital Sciences, Innovation and Technology Knowledge Centre Ecology 07/02/2018 2319.00   577.0285 JON/D 5154 03/12/2020 07/02/2018 Books
    Dewey Decimal Classification     Non Fiction Kerala University of Digital Sciences, Innovation and Technology Knowledge Centre Kerala University of Digital Sciences, Innovation and Technology Knowledge Centre Ecology 21/06/2022 2580.00   577.0285 JON/D;3 6465 21/06/2022 21/06/2022 Books
    Dewey Decimal Classification     Non Fiction Kerala University of Digital Sciences, Innovation and Technology Knowledge Centre Kerala University of Digital Sciences, Innovation and Technology Knowledge Centre Ecology 21/06/2022 2580.00   577.0285 JON/D;4 6466 21/06/2022 21/06/2022 Books